Normal view MARC view
  • पाचारण. शि.आणि इतर

Entry Personal Name

Number of records used in: 1

001 - CONTROL NUMBER

  • control field: 63232

003 - CONTROL NUMBER IDENTIFIER

  • control field: OSt

005 - DATE AND TIME OF LATEST TRANSACTION

  • control field: 20220806110613.0

008 - FIXED-LENGTH DATA ELEMENTS

  • fixed length control field: 220806|| aca||aabn | a|a d

040 ## - CATALOGING SOURCE

  • Original cataloging agency: OSt
  • Transcribing agency: OSt

100 ## - HEADING--PERSONAL NAME

  • Personal name: पाचारण. शि.आणि इतर

670 ## - SOURCE DATA FOUND

  • Source citation: Work cat.: (OSt)35930: पाचारण. शि.आणि इतर, पर्यटन भूगोल, 2014